World wireless ; the engineer's place in radio communication ... /

Bibliographic Details
Main Author: Harbord, James G. (James Guthrie), 1866-1947
Format: Book
Language:English
Published: [Princeton] : The Guild of Brackett lecturers, 1936.
Series:Cyrus Fogg Brackett lectures.
Subjects:

MARC

Tag First Indicator Second Indicator Subfields
LEADER 00000cam a2200000 4500
001 in00000047498
005 20151007073347.0
008 780623s1936 nju 00010 engm
010 |a  36007333  
035 |a (OCoLC)03998805 
035 |9 AAE9582AM 
040 |a DLC  |c NRC  |d NRC  |d TXA  |d UtOrBLW 
049 |a TXAM  |c [74587] 
050 0 0 |a TK5711  |b .H25 
082 0 |a 621.3842 
092 |a 621.3842  |b H255w 
100 1 |a Harbord, James G.  |q (James Guthrie),  |d 1866-1947. 
245 1 0 |a World wireless ;  |b the engineer's place in radio communication ... /  |c by James G. Harbord ... 
264 1 |a [Princeton] :  |b The Guild of Brackett lecturers,  |c 1936. 
300 |a 37 pages ;  |c 24 cm. 
336 |a text  |b txt  |2 rdacontent 
337 |a unmediated  |b n  |2 rdamedia 
338 |a volume  |b nc  |2 rdacarrier 
500 |a Half-title: The Brackett foundation at Princeton university. 
500 |a "An address delivered before Princeton university on November 12, 1935, in the Cyrus Fogg Brackett lectureship in applied engineering and technology." 
650 0 |a Radio. 
650 0 |a Engineers. 
740 4 |a The engineer's place in radio communication. 
830 0 |a Cyrus Fogg Brackett lectures. 
999 |a MARS 
999 f f |s 6498892b-cc18-33c9-9c29-c852027ca8b0  |i 79c8c0b3-e4ca-3d09-962a-147dac904197  |t 0 
952 f f |p ric  |a Texas A&M University  |b Rellis Campus  |c Joint Library Facility  |d Remote Storage  |t 0  |e TK5711 .H25  |h Library of Congress classification  |i unmediated -- volume  |m A14801039148 
998 f f |a TK5711 .H25  |t 0  |l Remote Storage